| 000 | 00707nam a2200265Ia 4500 | ||
|---|---|---|---|
| 003 | OSt | ||
| 005 | 20221006144800.0 | ||
| 006 | a|||||r|||| 00| 0 | ||
| 007 | ta | ||
| 008 | 221006b |||||||| |||| 00| 0 chi d | ||
| 020 |
_a710000747X _cYu 24.10 |
||
| 024 | _a12,707 | ||
| 037 |
_bGift, PRC _cTextual |
||
| 040 |
_aEASL _cEASL _bchi |
||
| 041 |
_2chi _achi |
||
| 082 | _aP41,4, M9 | ||
| 100 |
_aLIU Haoxiu Ed. _9652846 |
||
| 245 | 0 | _aHanyu cheng yu kaoshi cidian | |
| 260 |
_aBeijing _bShangwu Yin Shuguan China _c1989 |
||
| 300 |
_a1668p. _ccm. |
||
| 490 | _v RR | ||
| 650 |
_aCL _9642733 |
||
| 942 |
_hP41,4, M9 _cTEXL _2CC |
||
| 999 |
_c1080793 _d1080793 |
||